Law Enforcement Agency Identifiers Crosswalk (United States), 1996

Researchers have long been able to analyze crime and law enforcement data at the individual agency level (see UNIFORM CRIME REPORTING PROGRAM DATA: [UNITED STATES] [ICPSR 9028]) and at the county level (see, for example, UNIFORM CRIME REPORTING PROGRAM DATA [UNITED STATES]: COUNTY-LEVEL DETAILED ARR...

Ausführliche Beschreibung

Gespeichert in:  
Bibliographische Detailangaben
Körperschaft: United States Department of Justice. Office of Justice Programs. Bureau of Justice Statistics. VerfasserIn (Verfasst von)
Medienart: Elektronisch Forschungsdaten
Sprache:Englisch
Veröffentlicht: [Erscheinungsort nicht ermittelbar] [Verlag nicht ermittelbar] 2000
In:Jahr: 2000
Online-Zugang: Volltext (kostenfrei)
Verfügbarkeit prüfen: HBZ Gateway
Schlagwörter:

MARC

LEADER 00000cam a22000002c 4500
001 1840067047
003 DE-627
005 20260417204231.0
007 cr uuu---uuuuu
008 230324s2000 xx |||||o 00| ||eng c
024 7 |a 10.3886/ICPSR02876.v1  |2 doi 
035 |a (DE-627)1840067047 
035 |a (DE-599)KXP1840067047 
040 |a DE-627  |b ger  |c DE-627  |e rda 
041 |a eng 
084 |a 2,1  |2 ssgn 
110 2 |a United States Department of Justice. Office of Justice Programs. Bureau of Justice Statistics  |e VerfasserIn  |4 aut 
245 1 0 |a Law Enforcement Agency Identifiers Crosswalk (United States), 1996 
264 1 |a [Erscheinungsort nicht ermittelbar]  |b [Verlag nicht ermittelbar]  |c 2000 
336 |a Text  |b txt  |2 rdacontent 
337 |a Computermedien  |b c  |2 rdamedia 
338 |a Online-Ressource  |b cr  |2 rdacarrier 
520 |a Researchers have long been able to analyze crime and law enforcement data at the individual agency level (see UNIFORM CRIME REPORTING PROGRAM DATA: [UNITED STATES] [ICPSR 9028]) and at the county level (see, for example, UNIFORM CRIME REPORTING PROGRAM DATA [UNITED STATES]: COUNTY-LEVEL DETAILED ARREST AND OFFENSE DATA, 1997 [ICPSR 2764]). However, analyzing crime data at the intermediate level, the city or place, has been difficult. To facilitate the creation and analysis of place-level data, the Bureau of Justice Statistics (BJS) and the National Archive of Criminal Justice Data (NACJD) created the Law Enforcement Agency Identifiers Crosswalk. The crosswalk file was designed to provide geographic and other identification information for each record included in either the Federal Bureau of Investigation's Uniform Crime Reports (UCR) files or BJS's Directory of Law Enforcement Agencies. The main variables for each record are the UCR originating agency identifier number, agency name, mailing address, Census Bureau's government identification number, UCR state and county codes, and Federal Information Processing Standards (FIPS) state, county, and place codes. These variables make it possible for researchers to take police agency-level data, combine them with Bureau of the Census and BJS data, and perform place-level, jurisdiction-level, and government-level analyses. 
540 |a ICPSR Terms of Use 
650 4 |a Crime Mapping 
650 4 |a crime patterns 
650 4 |a Databases 
650 4 |a Information systems 
650 4 |a law enforcement agencies 
655 7 |a Forschungsdaten  |0 (DE-588)1098579690  |0 (DE-627)857755366  |0 (DE-576)469182156  |2 gnd-content 
787 0 8 |i Forschungsdaten zu  |a Kaminski, Robert J.  |t Assessing the county-level structural covariates of police homicides  |d 2008  |w (DE-627)1912461404 
787 0 8 |i Forschungsdaten zu  |a Schnebly, Stephen M.  |t Community Variation in the Nature of Crime Reporting  |d [Erscheinungsort nicht ermittelbar] : University of Missouri-St. Louis, 2005  |w (DE-627)1912485605 
787 0 8 |i Forschungsdaten zu  |a Loftin, Colin  |t A comparison of SHR and Vital Statistics homicide estimates for U. S. cities  |d 2008  |w (DE-627)1912487675 
787 0 8 |i Forschungsdaten zu  |a Baller, Robert  |t The Culture of Honor and Southern Homicide  |d Midwest Sociological Society, 2005  |w (DE-627)1912503875 
787 0 8 |i Forschungsdaten zu  |a Thacher, David  |t The Distribution of Police Protection  |d 2011  |w (DE-627)1767142838 
787 0 8 |i Forschungsdaten zu  |a Guha, Induleka  |t Empirical Essays on Bias-Motivated Behaviour  |d [Erscheinungsort nicht ermittelbar] : Purdue University, 2023  |w (DE-627)1912535270 
787 0 8 |i Forschungsdaten zu  |a Baumer, Eric P.  |t Expanding the scope of research on recent crime trends  |d [Erscheinungsort nicht ermittelbar] : [Verlag nicht ermittelbar], 2012  |w (DE-627)1912548828 
787 0 8 |i Forschungsdaten zu  |a Mulholland, Sean E.  |t Hate Source: White Supremacist Hate Groups and Hate Crime  |d [Erscheinungsort nicht ermittelbar] : Stonehill College, 2011  |w (DE-627)1912571293 
787 0 8 |i Forschungsdaten zu  |a Baller, Robert D.  |t The heritage of herding and Southern homicide: Examining the ecological foundations of the code of honor thesis  |d 2009  |w (DE-627)1912572648 
787 0 8 |i Forschungsdaten zu  |a Schnebly, Stephen M.  |t The influence of community-oriented policing on crime-reporting behavior  |d 2008  |w (DE-627)1912590417 
787 0 8 |i Forschungsdaten zu  |a Messner, Steven F.  |t The legacy of lynching and southern homicide  |d 2005  |w (DE-627)1912607735 
787 0 8 |i Forschungsdaten zu  |a Messner, Steven F.  |t The Legacy of Lynching and Southern Homicide: A Spatial Analysis  |d Southern Sociological Society, 2004  |w (DE-627)1912607743 
787 0 8 |i Forschungsdaten zu  |a Loftin, Colin  |t Likely errors when linking Supplementary Homicide Report records for large U. S. cities  |d 2008  |w (DE-627)191260972X 
787 0 8 |i Forschungsdaten zu  |a Lindgren, Sue A.  |t Linking Uniform Crime Reporting Data to Other Datasets  |d United States Department of Justice, Bureau of Justice Statistics, 2001  |w (DE-627)1912610345 
787 0 8 |i Forschungsdaten zu  |a Maltz, Michael D.  |t Making UCR Data Useful and Accessible  |d [Erscheinungsort nicht ermittelbar] : [Verlag nicht ermittelbar], 2004  |w (DE-627)1912615061 
787 0 8 |i Forschungsdaten zu  |a Kaminski, Robert J.  |t Murder of Police Officers  |d [Erscheinungsort nicht ermittelbar] : LFB Scholarly Publishing, 2004  |w (DE-627)1912628848 
787 0 8 |i Forschungsdaten zu  |a Kaminski, Robert J.  |t An Opportunity Model of Police Homicide Victimization  |d [Erscheinungsort nicht ermittelbar] : State University of New York - Albany, 2002  |w (DE-627)1912641925 
787 0 8 |i Forschungsdaten zu  |a Wells, L. Edward  |t Policing in the United States: Developing a Comprehensive Empirical Model  |d Illinois State University [publisher], National Institute of Justice [distributor], 2005  |w (DE-627)1912654628 
787 0 8 |i Forschungsdaten zu  |a Barnes, Lynnette M.  |t Policing the Schools: An Evaluation of the North Carolina School Resource Officer Program  |d [Erscheinungsort nicht ermittelbar] : Rutgers University, 2008  |w (DE-627)1912654792 
787 0 8 |i Forschungsdaten zu  |a Blemings, Benjamin  |t Public financing of professional sports facilities and drug asset forfeiture  |d 2024  |w (DE-627)1912670038 
787 0 8 |i Forschungsdaten zu  |a Wolaver, Amy M.  |t Racial wage differences among young male job changers: The relative contribution of migration, occupation change, site characteristics, and human capital  |d 2006  |w (DE-627)1912676710 
787 0 8 |i Forschungsdaten zu  |a Lee, Matthew R.  |t Regional variation in the effect of structural factors on homicide in rural areas  |d 2008  |w (DE-627)1912681080 
787 0 8 |i Forschungsdaten zu  |a Porter, Jeremy Reed, 1978 -   |t The Spatial Demography of Reported Crime: An Examination of Urban-Rural Crime Articulation and Associated Spatio-Temporal Diffusion Processes, U.S. 1990-2000  |d [Erscheinungsort nicht ermittelbar] : Mississippi State University, 2008  |w (DE-627)1912708981 
787 0 8 |i Forschungsdaten zu  |a Mulholland, Sean E.  |t White supremacist groups and hate crime  |d 2013  |w (DE-627)191274936X 
856 4 0 |u https://doi.org/10.3886/ICPSR02876.v1  |x Resolving-System  |z kostenfrei  |3 Volltext  |7 0 
935 |a mkri 
951 |a BO 
ELC |a 1 
LOK |0 000 xxxxxcx a22 zn 4500 
LOK |0 001 4296814885 
LOK |0 003 DE-627 
LOK |0 004 1840067047 
LOK |0 005 20230324125338 
LOK |0 008 230324||||||||||||||||ger||||||| 
LOK |0 035   |a (DE-2619)ICPSR2876 
LOK |0 040   |a DE-2619  |c DE-627  |d DE-2619 
LOK |0 092   |o n 
LOK |0 852   |a DE-2619 
LOK |0 852 1  |9 00 
LOK |0 935   |a foda  |a nacj 
LOK |0 939   |a 2023-03-24  |b l01 
OAS |a 1 
ORI |a WA-MARC-krimdoka001.raw